000 00666nam a2200241Ia 4500
003 OSt
005 20220927104942.0
006 a|||||r|||| 00| 0
007 ta
008 220926b |||||||| |||| 00| 0 eng d
024 _a159477
037 _cReference Collections
040 _aRTL
_cRTL
_beng
041 _2eng
_aeng
082 _a"W : 51 m1 N45, N, J6"
110 _aUNITED NATIONS
245 0 _aHuman right
_b A year book
260 _aNew
_bYork : United Nations
_c1958
300 _a305p
_ccm.
700 _aUNITED NATIONS
942 _h"W : 51 m1 N45, N, J6"
_cCC
999 _c689671
_d689671